000 00870nas a2200289 4500
001 BR0402043
003 BR-BrBNA
005 20231205104509.0
007 ta
008 230509b bl.|||p| |||| 00| 00por d
040 _aBR-BrBNA
_bpor
_cBiblioteca Nacional de Agricultura
041 _a(Pt)
072 _aN01
100 1 _aAbreu, A.R.
100 1 _aFiedler, N.C.
100 1 _aPádua, C.B.V.
100 1 _aMinetti, L.J.
245 1 _aTransposição de linhas de transmissão de energia elétrica em fragmentos florestais
650 _aESSÊNCIA FLORESTAL
650 _aÁREA BASAL
650 _aENERGIA ELÉTRICA
650 _aMODELO MATEMÁTICO
650 _aCUSTO-BENEFÍCIO
773 0 _tRevista Árvore (Brazil)
_xISSN 0100-6762
_g(Oct-Dec 2001), v. 25(4) p. 501-506
_wBR0402043
909 _a202311
_bLúcia
_c55
_dLúcia Elande
942 _2AGRIS
_n0
_cANA
999 _c178405
_d178405